LEADER 02244oam 2200637 450 001 9910709759303321 005 20190208133600.0 035 $a(CKB)5470000002472653 035 $a(OCoLC)1041939741$z(OCoLC)1045039523$z(OCoLC)1047699628$z(OCoLC)1052683556$z(OCoLC)1053604893$z(OCoLC)1066689967 035 $a(EXLCZ)995470000002472653 100 $a20180626d2018 ua 0 101 0 $aeng 135 $aurbn||||a|||| 181 $ctxt$2rdacontent 182 $cc$2rdamedia 183 $acr$2rdacarrier 200 10$aOpen hearing $eNational Security Agency activities and its ability to meet its diverse mission requirements : hearing before the Select Committee on Intelligence of the United States Senate, One Hundred Fourtenth Congress, first session, Thursday, September 24, 2015 210 1$aWashington :$cU.S. Government Publishing Office,$d2018. 215 $a1 online resource (iii, 45 pages) $cillustrations 225 1 $aS. hrg. ;$v114-772 300 $aCongress number misspelled on cover. One Hundred Fourtenth Congress should read One Hundred Fourteenth Congress. 320 $aIncludes bibliographical references. 517 $aOpen hearing 606 $aIntelligence service$zUnited States 606 $aNational security$zUnited States 606 $aComputer security$zUnited States 606 $aEconomic security$zUnited States 606 $aComputer security$2fast 606 $aEconomic security$2fast 606 $aIntelligence service$2fast 606 $aNational security$2fast 607 $aUnited States$2fast 608 $aLegislative hearings.$2fast 608 $aLegislative hearings.$2lcgft 615 0$aIntelligence service 615 0$aNational security 615 0$aComputer security 615 0$aEconomic security 615 7$aComputer security. 615 7$aEconomic security. 615 7$aIntelligence service. 615 7$aNational security. 801 0$bGPO 801 1$bGPO 801 2$bMERUC 801 2$bOCLCF 801 2$bGPO 801 2$bINT 801 2$bWAU 801 2$bOCLCQ 801 2$bOCLCO 801 2$bGPO 906 $aBOOK 912 $a9910709759303321 996 $aOpen hearing$93436313 997 $aUNINA